| 000 | 00414nam a2200145Ia 4500 | ||
|---|---|---|---|
| 008 | 151213s9999 xx 000 0 und d | ||
| 100 | _aEugave O'Neil | ||
| 245 |
_aAh. Wildness, The Hairy Ape, Allgod's Chillun Got Wihgs _cEugave O'Neil |
||
| 260 |
_aLondon _bPenguing Books _c1960 |
||
| 300 | _a7294 p. | ||
| 650 | _aEnglish Literature | ||
| 650 | _aEnglish Literature | ||
| 700 | _aEugave O'Neil | ||
| 999 |
_c3865 _d3865 |
||